000 00488cam a22001934a 4500
005 20250605164311.0
008 250528s ||||||||||||||||||||||||d
035 _a22483
020 _a9789605460785
040 _aGR-AtMCL
_bgre
_dGR-AtMCL
_eAACR2
245 1 _aΣΥΝΔΡΟΜΟ ASPERGER / ΕΝΑΣ ΠΛΗΡΗΣ ΟΔΗΓΟΣ
250 _a1
260 _bΠεδίο,
_c2012
300 _a542
700 1 _aAttwood Tony
_95947
942 _cBK
999 _c7535
_d7535